5HLuxD.jpg

KING HENRY VIII SENIOR AND PRIMARY SCHOOL LIBRARY OPAC

Creepella Von Cacklefur : (Record no. 2440)

000 -LEADER
fixed length control field 01455cam a2200397 a 4500
001 - CONTROL NUMBER
control field 646278
003 - CONTROL NUMBER IDENTIFIER
control field OSt
005 - DATE AND TIME OF LATEST TRANSACTION
control field 20230601095408.0
008 - FIXED-LENGTH DATA ELEMENTS--GENERAL INFORMATION
fixed length control field 150925s2011 nyua c 000 j eng d
020 ## - INTERNATIONAL STANDARD BOOK NUMBER
International Standard Book Number 9780545307437
Qualifying information (pbk.) :
040 ## - CATALOGING SOURCE
Original cataloging agency TWTCL
Language of cataloging eng
Transcribing agency TWTCL
Description conventions aacr
Modifying agency KH8
041 0# - LANGUAGE CODE
Language code of text/sound track or separate title eng
042 ## - AUTHENTICATION CODE
Authentication code nbic
082 0# - DEWEY DECIMAL CLASSIFICATION NUMBER
Classification number FIC STI
100 1# - MAIN ENTRY--PERSONAL NAME
Personal name Stilton, Geronimo,
Dates associated with a name 1984-
Relator term Author
245 10 - TITLE STATEMENT
Title Creepella Von Cacklefur :
Remainder of title Meet me in Horrorwood /
Statement of responsibility, etc. [text by Geronimo Stilton ; illustrations by Ivan Bigarella (pencils and inks) and Giorgio Campioni (color) ; translated by Lidia Tramontozzi]
246 1# - VARYING FORM OF TITLE
Display text At head of title :
Title proper/short title Geronimo Stilton.
246 30 - VARYING FORM OF TITLE
Title proper/short title Meet me in Horrorwood.
260 ## - PUBLICATION, DISTRIBUTION, ETC.
Place of publication, distribution, etc. New York :
Name of publisher, distributor, etc. Scholastic Inc.,
Date of publication, distribution, etc. c2011.
300 ## - PHYSICAL DESCRIPTION
Extent 112 p. :
Other physical details col. ill. ;
Dimensions 20 cm.
490 1# - SERIES STATEMENT
Series statement Ready-to-go classroom library. Grade 3.
490 1# - SERIES STATEMENT
Series statement Creepella Von Cacklefur ;
Volume/sequential designation 2.
500 ## - GENERAL NOTE
General note Original title: Mistero a Castelteschio.
500 ## - GENERAL NOTE
General note "English translation ... by Atlantyca S.p.A."--T.p. verso.
500 ## - GENERAL NOTE
General note "2" -- spine.
650 #0 - SUBJECT ADDED ENTRY--TOPICAL TERM
Topical term or geographic name entry element Readers (Primary)
650 #0 - SUBJECT ADDED ENTRY--TOPICAL TERM
Topical term or geographic name entry element Women journalists
Form subdivision Fiction.
650 #0 - SUBJECT ADDED ENTRY--TOPICAL TERM
Topical term or geographic name entry element Mice
General subdivision Fiction.
650 #0 - SUBJECT ADDED ENTRY--TOPICAL TERM
Topical term or geographic name entry element Monsters
General subdivision Fiction.
700 1# - ADDED ENTRY--PERSONAL NAME
Personal name Bigarella, Ivan.
Relator term Illustrator
700 1# - ADDED ENTRY--PERSONAL NAME
Personal name Campioni, Giorgio.
Relator term Illustrator
700 1# - ADDED ENTRY--PERSONAL NAME
Personal name Tramontozzi, Lidia.
Relator term Illustrator
830 #0 - SERIES ADDED ENTRY--UNIFORM TITLE
Uniform title Ready-to-go classroom library.
Name of part/section of a work Grade 3.
830 #0 - SERIES ADDED ENTRY--UNIFORM TITLE
Uniform title Creepella Von Cacklefur.
942 ## - ADDED ENTRY ELEMENTS (KOHA)
Source of classification or shelving scheme
Koha item type Books - Fiction
Holdings
Withdrawn status Lost status Source of classification or shelving scheme Damaged status Not for loan Collection code Permanent Location Current Location Shelving location Date acquired Total Checkouts Full call number Barcode Date due Date last seen Date last checked out Price effective from Koha item type
          Fiction KH8 Primary School Library KH8 Primary School Library Fiction 2023-06-01 3 FIC STI KHPL000004187 2023-07-04 2023-06-13 2023-06-13 2023-06-01 Books - Fiction

Powered By KH8 IT Dept